000
00284nam a2200121Ia 4500
008
190216s9999||||xx |||||||||||||| ||und||
100
_a
Charlotte Bronte
245
0
_a
Villette
260
_b
Dean&Son Ltd
_c
1965
300
_a
247
650
_a
English Novel-English Novel
942
_c
BK
999
_c
12122
_d
12122